Les personnages de Stranger Things ! - Statistiques

Statistiques générales
  • Ce quiz a été pris 205 fois
  • Le résultat moyen est 11 sur 16
Statistiques - réponses
Par images Réponse % Correct
Mike
98%
Will
98%
Max
97%
Eleven
94%
Hopper
94%
Joyce
94%
Murray
79%
Dr Martin Brenner
77%
Alexei
68%
Angela
63%
008 Kali
62%
Yuri
50%
Dr Sam Owens
48%
Jason
47%
Henry Creel
41%
Billy Hargrove
30%
Aucun quiz correspondant
Distribution des résultats
% des personnes avec chaque résultat
Percentile par nombre de réponses
Votre historique - résultats
Vous n’avez pas pris ce quiz